| 000 | 01707nam0a2200397 4500 | ||
|---|---|---|---|
| 001 | RU\NLR\bibl\260914 | ||
| 005 | 20260406062355.0 | ||
| 010 |
_a5-222-01994-2 _910000 |
||
| 021 |
_aRU _b2002-3888 _9187 |
||
| 035 | _a(NLR Aleph) 000256577 | ||
| 090 |
_a1498074 _c1498074 |
||
| 100 | _a20020426d2001 |||y0rusy50 ca | ||
| 101 | 0 | _arus | |
| 102 | _aRU | ||
| 105 | _aa ||||||||| | ||
| 200 | 1 |
_aСценарии школьных праздников, конкурсов, викторин для учащихся 7-х классов. Создавая и творя, совершенствуем себя _e[Сб. _fШин С. А., Елена Владимирова] |
|
| 210 |
_aРостов н/Д _cФеникс _d2001 |
||
| 215 |
_a316, [1] с., [2] л. ил. _cил. _d21 |
||
| 225 | 1 | _aСерия "Школа радости" | |
| 300 | _aЗагл. обл.: Сценарии школьных праздников. Создавая и творя, совершенствуем себя | ||
| 517 | 0 | _aСоздавая и творя, совершенствуем себя | |
| 606 | 0 |
_aШкольные праздники _91320870 _3RU\NLR\auth\66232901 |
|
| 610 | 0 | _aШкольные праздники - Сценарии | |
| 675 |
_a371.893 _v3 _zrus |
||
| 686 |
_a14 _2rugasnti |
||
| 686 |
_a74.200.58 _2rubbk |
||
| 686 | _aЧ421.382.5 | ||
| 686 | _aЩ338.3(2)7-9-4я43 | ||
| 702 | 1 |
_4220 _8rus _7ca _aШин _bС. А. _gСветлана Алексеевна _3RU\NLR\auth\7712573 _9122284 |
|
| 801 | 0 |
_aRU _bRKP _c20020426 _gPSBO |
|
| 801 | 1 |
_aRU _bRKP _c20020426 |
|
| 801 | 2 |
_aRU _bNLR _c20020611 _grcr |
|
| 942 | _cBOOK | ||
| 980 | _aNB | ||